[Event "DVM U12 2017"]
[Site "Magdeburg GER"]
[Date "2017.12.28"]
[Round "3"]
[White "Joppich, Til"]
[Black "Röll, Lea"]
[Result "1-0"]
[Termination "normal"]
[Board "2.3"]
[WhiteElo "1758"]
[BlackElo "1208"]
[WhiteClock "00:32:18"]
[BlackClock "00:49:54"]
[WhiteTeam "Schachzwerge Magdeburg"]
[BlackTeam "SC Vaterstetten"]
[PlyCount "143"]
[WhiteFideId "16232917"]
[BlackFideId "16255437"]
[EventCountry "GER"]
[EventRounds "7"]
[EventType "team-swiss"]
[EventDate "2017.12.26"]

1. e4 {[%clk 1:30:58]} c6 {[%clk 1:30:57]} 2. c4 {[%clk 1:31:21]} d5 {[%clk
1:31:19]} 3. exd5 {[%clk 1:31:46]} cxd5 {[%clk 1:31:34]} 4. cxd5 {[%clk
1:32:10]} Qxd5 {[%clk 1:31:49]} 5. Nc3 {[%clk 1:32:31]} Qd8 {[%clk 1:32:09]} 6.
d4 {[%clk 1:32:49]} Nf6 {[%clk 1:31:47]} 7. Nf3 {[%clk 1:33:01]} Bf5 {[%clk
1:31:44]} 8. Bb5+ {[%clk 1:32:04]} Nbd7 {[%clk 1:31:56]} 9. O-O {[%clk
1:31:37]} g6 {[%clk 1:31:11]} 10. Nh4 {[%clk 1:15:37]} Be4 {[%clk 1:19:14]} 11.
Re1 {[%clk 1:14:27]} Bc6 {[%clk 1:17:50]} 12. Bf4 {[%clk 1:14:43]} Bg7 {[%clk
1:16:00]} 13. Bd6 {[%clk 1:13:23]} Ng8 {[%clk 1:13:57]} 14. Re2 {[%clk
1:06:53]} Bf6 {[%clk 1:07:36]} 15. d5 {[%clk 0:59:16]} Bxb5 {[%clk 1:05:30]}
16. Nxb5 {[%clk 0:59:32]} Rc8 {[%clk 1:05:36]} 17. Bg3 {[%clk 0:54:06]} Rc5
{[%clk 0:59:52]} 18. Nd6+ {[%clk 0:53:02]} Kf8 {[%clk 0:59:56]} 19. Nxb7 {[%clk
0:53:26]} Qb6 {[%clk 0:57:15]} 20. Nxc5 {[%clk 0:53:29]} Nxc5 {[%clk 0:57:14]}
21. Rb1 {[%clk 0:53:37]} Qb5 {[%clk 0:56:22]} 22. b4 {[%clk 0:51:16]} Na4
{[%clk 0:56:07]} 23. Qf1 {[%clk 0:47:30]} Nc3 {[%clk 0:54:39]} 24. Rc2 {[%clk
0:47:37]} Qxf1+ {[%clk 0:54:54]} 25. Rxf1 {[%clk 0:48:01]} Nxd5 {[%clk
0:54:25]} 26. a3 {[%clk 0:46:41]} e6 {[%clk 0:52:44]} 27. Nf3 {[%clk 0:44:42]}
Nh6 {[%clk 0:52:00]} 28. Rc8+ {[%clk 0:43:42]} Ke7 {[%clk 0:52:11]} 29. Rxh8
{[%clk 0:43:56]} Bxh8 {[%clk 0:52:32]} 30. Ne5 Kd8 {[%clk 0:51:24]} 31. Nc6+
{[%clk 0:43:31]} Kd7 {[%clk 0:51:28]} 32. Nxa7 {[%clk 0:43:10]} Bb2 {[%clk
0:51:38]} 33. Nb5 {[%clk 0:41:45]} Kc6 {[%clk 0:51:38]} 34. Rb1 {[%clk
0:40:54]} Bg7 {[%clk 0:51:24]} 35. Nd6 {[%clk 0:39:56]} Bf8 {[%clk 0:49:04]}
36. Ne4 {[%clk 0:38:54]} f5 {[%clk 0:49:00]} 37. Rc1+ {[%clk 0:33:53]} Kd7
{[%clk 0:48:48]} 38. Nc5+ {[%clk 0:34:14]} Ke7 {[%clk 0:47:49]} 39. f3 {[%clk
0:32:46]} Nf7 {[%clk 0:47:32]} 40. Re1 {[%clk 0:30:40]} Nc3 {[%clk 0:47:12]}
41. Nxe6 {[%clk 0:30:25]} Bh6 {[%clk 0:46:44]} 42. Ng5+ {[%clk 0:30:29]} Kf6
{[%clk 0:46:56]} 43. Nxf7 {[%clk 0:29:18]} Kxf7 {[%clk 0:47:14]} 44. Be5 {[%clk
0:28:39]} Bd2 {[%clk 0:47:05]} 45. Bxc3 {[%clk 0:28:17]} Bxc3 {[%clk 0:47:27]}
46. Re2 {[%clk 0:28:35]} Bd4+ {[%clk 0:47:43]} 47. Kf1 {[%clk 0:28:58]} Kf6
{[%clk 0:47:47]} 48. Rd2 {[%clk 0:28:46]} Bc3 {[%clk 0:47:23]} 49. Rd3 {[%clk
0:28:28]} Be5 {[%clk 0:47:31]} 50. h3 {[%clk 0:28:40]} Ke6 {[%clk 0:47:37]} 51.
a4 {[%clk 0:29:00]} Bd6 {[%clk 0:47:51]} 52. Rxd6+ {[%clk 0:28:51]} Kxd6 {[%clk
0:48:14]} 53. Ke2 {[%clk 0:29:18]} Kd5 {[%clk 0:48:33]} 54. a5 {[%clk 0:29:40]}
Kc6 {[%clk 0:48:59]} 55. Kd3 {[%clk 0:30:03]} Kb5 {[%clk 0:49:24]} 56. Kd4
{[%clk 0:30:22]} h6 {[%clk 0:49:25]} 57. f4 {[%clk 0:30:48]} g5 {[%clk
0:49:05]} 58. Ke5 {[%clk 0:31:06]} gxf4 {[%clk 0:49:04]} 59. Kxf4 {[%clk
0:31:32]} h5 {[%clk 0:49:25]} 60. Kxf5 {[%clk 0:31:57]} Ka6 {[%clk 0:49:36]}
61. g4 {[%clk 0:32:18]} hxg4 {[%clk 0:49:54]} 62. hxg4 Kb5 63. g5 Ka6 64. g6
Kb5 65. g7 Ka6 66. g8=Q Kb5 67. Qb8+ Ka4 68. Ke4 Ka3 69. Kd3 Ka4 70. Kc2 Ka3
71. Qb5 Ka2 72. Qa4# 1-0

[Event "DVM U12 2017"]
[Site "Magdeburg GER"]
[Date "2017.12.28"]
[Round "3"]
[White "Eisl, Ralf"]
[Black "Khanbekyan, Areg"]
[Result "0-1"]
[Termination "normal"]
[Board "2.4"]
[WhiteElo "1172"]
[BlackElo "1597"]
[WhiteClock "01:01:21"]
[BlackClock "00:26:45"]
[WhiteTeam "SC Vaterstetten"]
[BlackTeam "Schachzwerge Magdeburg"]
[PlyCount "110"]
[WhiteFideId "16255445"]
[BlackFideId "12993727"]
[EventCountry "GER"]
[EventRounds "7"]
[EventType "team-swiss"]
[EventDate "2017.12.26"]

1. Nf3 Nf6 {[%clk 1:30:22]} 2. Nc3 {[%clk 1:31:19]} c5 {[%clk 1:28:47]} 3. e3
{[%clk 1:29:23]} d5 {[%clk 1:27:09]} 4. d4 {[%clk 1:29:07]} e6 {[%clk 1:24:46]}
5. b3 {[%clk 1:24:51]} Nc6 {[%clk 1:22:37]} 6. Bb2 {[%clk 1:24:03]} a6 {[%clk
1:13:33]} 7. a4 {[%clk 1:20:02]} b6 {[%clk 1:08:29]} 8. Bd3 {[%clk 1:16:19]}
Bd6 {[%clk 1:08:00]} 9. Qe2 {[%clk 1:14:48]} O-O {[%clk 1:03:58]} 10. e4 {[%clk
1:11:22]} cxd4 {[%clk 0:53:45]} 11. e5 {[%clk 1:11:27]} dxc3 {[%clk 0:52:18]}
12. Bxc3 {[%clk 1:11:47]} Bb4 {[%clk 0:52:15]} 13. Bxb4 {[%clk 1:11:35]} Nxb4
{[%clk 0:52:17]} 14. exf6 {[%clk 1:11:50]} Qxf6 {[%clk 0:52:25]} 15. O-O {[%clk
1:11:30]} Nxd3 {[%clk 0:51:49]} 16. Qxd3 {[%clk 1:10:33]} Bb7 {[%clk 0:49:19]}
17. Rfe1 {[%clk 1:09:32]} Rfc8 {[%clk 0:43:03]} 18. Rac1 {[%clk 1:06:02]} Rc3
{[%clk 0:41:45]} 19. Qd4 {[%clk 1:05:53]} Qxd4 {[%clk 0:36:19]} 20. Nxd4 {[%clk
1:06:13]} Rac8 {[%clk 0:35:40]} 21. Re3 {[%clk 1:04:20]} Rxe3 {[%clk 0:35:32]}
22. fxe3 {[%clk 1:04:39]} Rc3 {[%clk 0:35:00]} 23. Kf2 {[%clk 1:04:41]} g6
{[%clk 0:32:38]} 24. Ne2 {[%clk 1:04:05]} Rc8 {[%clk 0:31:50]} 25. c3 {[%clk
1:02:23]} Kg7 {[%clk 0:31:22]} 26. Kf3 {[%clk 1:02:01]} d4+ {[%clk 0:31:04]}
27. Kf2 {[%clk 1:01:37]} dxe3+ {[%clk 0:28:13]} 28. Kf1 {[%clk 0:59:55]} Rd8
{[%clk 0:27:12]} 29. Nd4 {[%clk 0:59:02]} e5 30. Nf3 {[%clk 0:58:14]} Bxf3
{[%clk 0:27:18]} 31. gxf3 {[%clk 0:58:38]} f5 {[%clk 0:27:41]} 32. Ke2 {[%clk
0:58:54]} f4 {[%clk 0:28:08]} 33. b4 {[%clk 0:59:01]} Rd2+ {[%clk 0:28:02]} 34.
Kf1 {[%clk 0:59:00]} Rxh2 {[%clk 0:27:44]} 35. c4 {[%clk 0:59:14]} Rd2 {[%clk
0:24:58]} 36. c5 {[%clk 0:58:49]} bxc5 {[%clk 0:25:08]} 37. bxc5 {[%clk
0:59:13]} Rd7 {[%clk 0:25:08]} 38. c6 {[%clk 0:58:50]} Rc7 {[%clk 0:24:27]} 39.
Ke2 {[%clk 0:58:14]} Kf7 {[%clk 0:24:47]} 40. Kd3 {[%clk 0:58:31]} Ke6 {[%clk
0:24:59]} 41. Ke4 {[%clk 0:58:37]} Kd6 {[%clk 0:24:28]} 42. Rd1+ {[%clk
0:58:41]} Kxc6 {[%clk 0:23:49]} 43. Rc1+ {[%clk 0:58:41]} Kd6 {[%clk 0:24:02]}
44. Rd1+ {[%clk 0:59:01]} Ke6 {[%clk 0:24:22]} 45. Rd5 {[%clk 0:59:11]} Rc4+
{[%clk 0:24:26]} 46. Kd3 {[%clk 0:59:22]} Kxd5 {[%clk 0:24:49]} 47. a5 {[%clk
0:59:38]} Rd4+ {[%clk 0:24:58]} 48. Ke2 {[%clk 0:59:53]} Rd2+ {[%clk 0:25:21]}
49. Ke1 {[%clk 1:00:12]} Kd4 {[%clk 0:25:24]} 50. Kf1 {[%clk 1:00:26]} Kd3
{[%clk 0:25:42]} 51. Ke1 {[%clk 1:00:42]} Ra2 {[%clk 0:26:02]} 52. Kf1 {[%clk
1:01:00]} Ra1+ {[%clk 0:26:14]} 53. Kg2 {[%clk 1:01:16]} e2 {[%clk 0:26:27]}
54. Kh2 {[%clk 1:01:13]} e1=Q {[%clk 0:26:22]} 55. Kg2 {[%clk 1:01:21]} Qg3#
{[%clk 0:26:45]} 0-1

[Event "DVM U12 2017"]
[Site "Magdeburg GER"]
[Date "2017.12.28"]
[Round "3"]
[White "Lutz, Ruben"]
[Black "Gallasch, Jonas"]
[Result "1-0"]
[Termination "normal"]
[Board "3.1"]
[WhiteElo "1964"]
[BlackElo "1877"]
[WhiteClock "00:21:36"]
[BlackClock "00:42:03"]
[WhiteTeam "USV TU Dresden"]
[BlackTeam "SG Porz"]
[PlyCount "119"]
[WhiteFideId "12975974"]
[BlackFideId "16222474"]
[EventCountry "GER"]
[EventRounds "7"]
[EventType "team-swiss"]
[EventDate "2017.12.26"]

1. d4 {[%clk 1:30:30]} Nf6 {[%clk 1:30:57]} 2. Nf3 {[%clk 1:31:19]} e6 {[%clk
1:31:18]} 3. Bg5 {[%clk 1:31:41]} b6 {[%clk 1:31:30]} 4. Nbd2 {[%clk 1:31:20]}
Bb7 {[%clk 1:31:36]} 5. e3 {[%clk 1:30:24]} d6 {[%clk 1:30:56]} 6. Bd3 {[%clk
1:30:21]} Nbd7 {[%clk 1:30:54]} 7. O-O {[%clk 1:30:19]} h6 {[%clk 1:29:04]} 8.
Bh4 {[%clk 1:30:39]} g5 {[%clk 1:26:31]} 9. Bg3 {[%clk 1:31:02]} Nh5 {[%clk
1:26:27]} 10. Qe2 {[%clk 1:29:19]} Qe7 {[%clk 1:22:34]} 11. a4 {[%clk 1:28:18]}
a5 {[%clk 1:19:29]} 12. c3 {[%clk 1:27:15]} Nxg3 {[%clk 1:15:49]} 13. hxg3
{[%clk 1:27:37]} e5 {[%clk 1:07:01]} 14. dxe5 {[%clk 1:25:49]} dxe5 {[%clk
1:06:34]} 15. e4 {[%clk 1:25:49]} Nc5 {[%clk 1:03:30]} 16. Bb5+ {[%clk
1:23:14]} c6 {[%clk 1:01:13]} 17. Bc4 {[%clk 1:23:38]} Bg7 {[%clk 1:00:03]} 18.
Rfd1 {[%clk 1:22:06]} O-O {[%clk 0:58:11]} 19. Nf1 {[%clk 1:19:26]} Rad8 {[%clk
0:55:55]} 20. Qc2 {[%clk 1:16:42]} b5 {[%clk 0:50:00]} 21. Bb3 {[%clk 1:11:57]}
Nxb3 {[%clk 0:46:41]} 22. Qxb3 {[%clk 1:12:18]} b4 {[%clk 0:45:55]} 23. Ne3
{[%clk 1:06:01]} Bc8 {[%clk 0:36:26]} 24. Qc2 {[%clk 1:02:27]} Qc7 {[%clk
0:33:37]} 25. cxb4 {[%clk 0:57:17]} axb4 {[%clk 0:33:51]} 26. Qc5 {[%clk
0:54:28]} b3 {[%clk 0:30:43]} 27. Nd5 {[%clk 0:48:10]} Qb7 {[%clk 0:29:25]} 28.
Ne7+ {[%clk 0:48:21]} Kh7 {[%clk 0:29:35]} 29. Nxc6 {[%clk 0:48:38]} Rde8
{[%clk 0:29:16]} 30. Qb5 {[%clk 0:39:59]} Qa8 {[%clk 0:28:22]} 31. Rac1 {[%clk
0:35:56]} Bb7 {[%clk 0:27:13]} 32. Rd7 {[%clk 0:34:06]} Bxc6 {[%clk 0:25:37]}
33. Rxc6 {[%clk 0:31:47]} Rb8 {[%clk 0:25:50]} 34. Qc4 {[%clk 0:31:18]} Rbc8
{[%clk 0:23:08]} 35. Rxc8 {[%clk 0:27:43]} Qxc8 {[%clk 0:23:10]} 36. Rc7 {[%clk
0:25:04]} Qb8 {[%clk 0:22:31]} 37. Rxf7 {[%clk 0:23:21]} Rxf7 {[%clk 0:22:25]}
38. Qxf7 {[%clk 0:23:45]} Qb4 {[%clk 0:22:49]} 39. Qf5+ {[%clk 0:22:38]} Kg8
{[%clk 0:22:37]} 40. Nxe5 {[%clk 0:20:47]} Qxa4 {[%clk 0:22:42]} 41. Qf7+
{[%clk 0:18:49]} Kh7 {[%clk 0:22:51]} 42. Qg6+ {[%clk 0:05:36]} Kg8 {[%clk
0:22:51]} 43. Ng4 {[%clk 0:05:26]} Kf8 {[%clk 0:20:53]} 44. Nxh6 {[%clk
0:03:11]} Bxh6 {[%clk 0:20:16]} 45. Qxh6+ {[%clk 0:03:36]} Kf7 {[%clk 0:20:34]}
46. Qh7+ {[%clk 0:03:26]} Ke8 {[%clk 0:20:20]} 47. Qh8+ {[%clk 0:01:36]} Kd7
{[%clk 0:18:44]} 48. Qe5 {[%clk 0:01:11]} Kc8 {[%clk 0:18:12]} 49. Kh2 {[%clk
0:30:02]} Qc4 {[%clk 0:47:36]} 50. f4 {[%clk 0:26:58]} g4 {[%clk 0:44:54]} 51.
f5 {[%clk 0:22:48]} Qc1 {[%clk 0:44:53]} 52. Qg7 {[%clk 0:20:50]} Qc2 {[%clk
0:44:39]} 53. f6 {[%clk 0:19:25]} Qxb2 {[%clk 0:44:20]} 54. Qg8+ {[%clk
0:19:51]} Kb7 {[%clk 0:41:27]} 55. f7 {[%clk 0:20:16]} Qe5 {[%clk 0:41:39]} 56.
f8=Q {[%clk 0:20:24]} Qh5+ {[%clk 0:41:53]} 57. Kg1 {[%clk 0:20:45]} b2 {[%clk
0:42:18]} 58. Qb3+ {[%clk 0:21:00]} Kc7 {[%clk 0:42:06]} 59. Qff7+ {[%clk
0:21:13]} Qxf7 {[%clk 0:42:03]} 60. Qxf7+ {[%clk 0:21:36]} 1-0

[Event "DVM U12 2017"]
[Site "Magdeburg GER"]
[Date "2017.12.28"]
[Round "3"]
[White "Kogan, Gabriel"]
[Black "Lutz, Adam"]
[Result "0-1"]
[Termination "normal"]
[Board "3.2"]
[WhiteElo "1418"]
[BlackElo "1775"]
[WhiteTeam "SG Porz"]
[BlackTeam "USV TU Dresden"]
[PlyCount "102"]
[WhiteFideId "16238265"]
[BlackFideId "16226615"]
[EventCountry "GER"]
[EventRounds "7"]
[EventType "team-swiss"]
[EventDate "2017.12.26"]

1. d4 d5 2. c4 e6 3. Nc3 Nf6 4. Bg5 Nbd7 5. Nf3 c6 6. e3 Qa5 7. Nd2 Bb4 8. Qc2
O-O 9. Be2 Re8 10. O-O dxc4 11. Bxf6 Nxf6 12. Nxc4 Qc7 13. Ne5 Bd6 14. Nf3 b6
15. Ne4 Nxe4 16. Qxe4 Bb7 17. Qh4 Be7 18. Qg3 Qxg3 19. hxg3 Bd6 20. Rac1 Rac8
21. Rc2 f6 22. Rfc1 Kf8 23. Bd3 g6 24. Kf1 Kg7 25. Be4 Ba6+ 26. Kg1 c5 27. Nd2
e5 28. dxc5 Bxc5 29. Nb3 Bd6 30. Rc6 Red8 31. Bd5 Rxc6 32. Rxc6 Bb7 33. Rxd6
Rxd6 34. Bxb7 Rd1+ 35. Kh2 Rb1 36. Bd5 Rxb2 37. f4 exf4 38. gxf4 Rxa2 39. Nd4
Ra1 40. e4 a5 41. e5 fxe5 42. fxe5 Re1 43. e6 Kf8 44. Nc6 a4 45. Kg3 a3 46. Kf2
Rd1 47. Nb4 Rxd5 48. e7+ Ke8 49. Nxd5 a2 50. Nc7+ Kxe7 51. Nd5+ Kd6 0-1

[Event "DVM U12 2017"]
[Site "Magdeburg GER"]
[Date "2017.12.28"]
[Round "3"]
[White "Günther, Fabian"]
[Black "Sabirov, Rafael"]
[Result "0-1"]
[Termination "normal"]
[Board "3.3"]
[WhiteElo "1404"]
[BlackElo "1470"]
[WhiteClock "01:14:17"]
[BlackClock "00:42:38"]
[WhiteTeam "USV TU Dresden"]
[BlackTeam "SG Porz"]
[PlyCount "40"]
[WhiteFideId "16240294"]
[BlackFideId "16241185"]
[EventCountry "GER"]
[EventRounds "7"]
[EventType "team-swiss"]
[EventDate "2017.12.26"]

1. d4 {[%clk 1:31:24]} d5 {[%clk 1:31:18]} 2. c4 {[%clk 1:31:50]} e6 {[%clk
1:31:43]} 3. Nc3 {[%clk 1:32:13]} Bb4 {[%clk 1:32:04]} 4. Bd2 {[%clk 1:32:36]}
Nf6 {[%clk 1:32:25]} 5. e3 {[%clk 1:32:51]} O-O {[%clk 1:32:03]} 6. Nf3 {[%clk
1:33:16]} Nbd7 {[%clk 1:32:10]} 7. a3 {[%clk 1:33:19]} Bxc3 {[%clk 1:32:32]} 8.
bxc3 {[%clk 1:33:24]} b6 {[%clk 1:32:45]} 9. cxd5 {[%clk 1:33:43]} exd5 {[%clk
1:33:00]} 10. c4 {[%clk 1:34:02]} Bb7 {[%clk 1:32:58]} 11. Bd3 {[%clk 1:33:42]}
dxc4 {[%clk 1:33:03]} 12. Bxc4 {[%clk 1:34:05]} Ne4 {[%clk 1:30:41]} 13. Bc1
{[%clk 1:32:00]} c5 {[%clk 1:21:58]} 14. O-O {[%clk 1:29:34]} Rc8 {[%clk
1:21:24]} 15. Bb2 {[%clk 1:27:40]} Ndf6 {[%clk 1:11:56]} 16. Rc1 {[%clk
1:26:07]} Qc7 {[%clk 1:05:33]} 17. Qb3 {[%clk 1:19:22]} Ng4 {[%clk 0:52:37]}
18. Bd5 {[%clk 1:15:05]} Nd2 {[%clk 0:47:21]} 19. Bxf7+ {[%clk 1:13:56]} Rxf7
{[%clk 0:46:37]} 20. Qxf7+ {[%clk 1:14:17]} Kxf7 {[%clk 0:42:38]} 0-1

[Event "DVM U12 2017"]
[Site "Magdeburg GER"]
[Date "2017.12.28"]
[Round "3"]
[White "Kazimov, Alis"]
[Black "Pfefferkorn, Paul"]
[Result "1/2-1/2"]
[Termination "normal"]
[Board "3.4"]
[WhiteElo "1495"]
[BlackElo "1152"]
[WhiteClock "01:12:10"]
[BlackClock "00:36:03"]
[WhiteTeam "SG Porz"]
[BlackTeam "USV TU Dresden"]
[PlyCount "40"]
[WhiteFideId "16255348"]
[BlackFideId "16255330"]
[EventCountry "GER"]
[EventRounds "7"]
[EventType "team-swiss"]
[EventDate "2017.12.26"]

1. e4 {[%clk 1:30:53]} e5 {[%clk 1:30:51]} 2. Nf3 {[%clk 1:30:59]} Nc6 {[%clk
1:31:08]} 3. Nc3 {[%clk 1:31:11]} Bc5 {[%clk 1:30:11]} 4. Nxe5 {[%clk 1:30:20]}
Nxe5 {[%clk 1:30:23]} 5. d4 {[%clk 1:30:17]} Bd6 {[%clk 1:30:44]} 6. dxe5
{[%clk 1:30:35]} Bxe5 {[%clk 1:30:44]} 7. Bd2 {[%clk 1:29:54]} Nf6 {[%clk
1:29:58]} 8. f4 {[%clk 1:25:09]} Bxc3 {[%clk 1:30:06]} 9. Bxc3 {[%clk 1:25:21]}
O-O {[%clk 1:28:20]} 10. Bd3 {[%clk 1:24:57]} Nxe4 {[%clk 0:55:55]} 11. Bxe4
{[%clk 1:24:32]} Re8 {[%clk 0:56:13]} 12. Qd4 {[%clk 1:24:47]} Qh4+ {[%clk
0:47:04]} 13. g3 {[%clk 1:18:32]} Qf6 {[%clk 0:43:00]} 14. Qxf6 {[%clk
1:17:03]} Rxe4+ {[%clk 0:43:06]} 15. Kf2 {[%clk 1:17:00]} gxf6 {[%clk 0:43:27]}
16. Bxf6 {[%clk 1:17:23]} d5 {[%clk 0:43:00]} 17. Rhe1 {[%clk 1:17:00]} Bf5
{[%clk 0:43:07]} 18. c3 {[%clk 1:14:55]} c6 {[%clk 0:40:39]} 19. Kf3 {[%clk
1:13:10]} Rae8 {[%clk 0:37:18]} 20. Kf2 {[%clk 1:12:10]} Bg4 {[%clk 0:36:03]}
1/2-1/2

[Event "DVM U12 2017"]
[Site "Magdeburg GER"]
[Date "2017.12.28"]
[Round "3"]
[White "Ponomarev, Maximilian"]
[Black "Hommer, Jeremy"]
[Result "0-1"]
[Termination "normal"]
[Board "4.1"]
[WhiteElo "1764"]
[BlackElo "1975"]
[WhiteClock "00:31:43"]
[BlackClock "01:06:37"]
[WhiteTeam "SC Tarrasch 45 München"]
[BlackTeam "SC Turm Lüneburg"]
[PlyCount "48"]
[WhiteFideId "16216768"]
[BlackFideId "12992577"]
[EventCountry "GER"]
[EventRounds "7"]
[EventType "team-swiss"]
[EventDate "2017.12.26"]

1. e4 {[%clk 1:30:57]} c6 {[%clk 1:30:42]} 2. d4 {[%clk 1:31:21]} d5 {[%clk
1:31:06]} 3. Nc3 {[%clk 1:31:36]} dxe4 {[%clk 1:31:31]} 4. Nxe4 {[%clk
1:32:02]} Nf6 {[%clk 1:31:55]} 5. Nxf6+ {[%clk 1:32:13]} exf6 {[%clk 1:32:22]}
6. c3 {[%clk 1:32:36]} Bd6 {[%clk 1:32:29]} 7. Bd3 {[%clk 1:32:59]} O-O {[%clk
1:32:51]} 8. Ne2 {[%clk 1:33:26]} Re8 {[%clk 1:33:03]} 9. O-O {[%clk 1:33:50]}
Qc7 {[%clk 1:33:26]} 10. Ng3 {[%clk 1:32:36]} Be6 {[%clk 1:32:56]} 11. f4
{[%clk 1:30:54]} c5 {[%clk 1:31:33]} 12. dxc5 {[%clk 1:28:18]} Bxc5+ {[%clk
1:30:22]} 13. Kh1 {[%clk 1:28:39]} Nd7 {[%clk 1:28:21]} 14. Qc2 {[%clk
1:26:01]} Nf8 {[%clk 1:28:22]} 15. Ne4 {[%clk 1:22:53]} Bb6 {[%clk 1:21:47]}
16. Bd2 {[%clk 1:19:42]} Rad8 {[%clk 1:21:56]} 17. Rf3 {[%clk 1:13:17]} Bc4
{[%clk 1:17:35]} 18. Bxc4 {[%clk 1:04:56]} Qxc4 {[%clk 1:17:42]} 19. Ng3 {[%clk
1:02:42]} Ng6 {[%clk 1:11:42]} 20. b3 {[%clk 1:00:03]} Qd5 {[%clk 1:08:55]} 21.
Nf1 {[%clk 0:58:01]} Re2 {[%clk 1:07:25]} 22. Rd1 {[%clk 0:57:23]} Nh4 {[%clk
1:06:47]} 23. c4 {[%clk 0:45:36]} Rxg2 {[%clk 1:06:37]} 24. cxd5 {[%clk
0:31:43]} Rg1# 0-1

[Event "DVM U12 2017"]
[Site "Magdeburg GER"]
[Date "2017.12.28"]
[Round "3"]
[White "Wusterack, Paul"]
[Black "Bloch, Daniel"]
[Result "1-0"]
[Termination "normal"]
[Board "4.2"]
[WhiteElo "1432"]
[BlackElo "1435"]
[WhiteClock "00:27:57"]
[BlackClock "00:47:34"]
[WhiteTeam "SC Turm Lüneburg"]
[BlackTeam "SC Tarrasch 45 München"]
[PlyCount "103"]
[WhiteFideId "16255356"]
[BlackFideId "16229525"]
[EventCountry "GER"]
[EventRounds "7"]
[EventType "team-swiss"]
[EventDate "2017.12.26"]

1. d4 {[%clk 1:31:20]} d5 {[%clk 1:31:15]} 2. c3 {[%clk 1:29:28]} e6 {[%clk
1:30:41]} 3. e3 {[%clk 1:29:44]} Nf6 {[%clk 1:30:25]} 4. Bd3 {[%clk 1:29:41]}
c5 {[%clk 1:29:35]} 5. f4 {[%clk 1:29:40]} Nc6 {[%clk 1:29:24]} 6. Nf3 {[%clk
1:29:48]} Be7 {[%clk 1:29:14]} 7. O-O {[%clk 1:30:04]} Bd7 {[%clk 1:28:32]} 8.
Ne5 {[%clk 1:30:15]} O-O {[%clk 1:26:29]} 9. Nd2 {[%clk 1:30:09]} a6 {[%clk
1:25:05]} 10. Qe2 {[%clk 1:27:24]} Na7 {[%clk 1:21:57]} 11. Ndf3 {[%clk
1:21:24]} Bc6 {[%clk 1:21:13]} 12. Nxc6 {[%clk 1:21:35]} Nxc6 {[%clk 1:21:34]}
13. Ne5 {[%clk 1:22:00]} Nd7 {[%clk 1:21:40]} 14. Rf3 {[%clk 1:20:43]} f6
{[%clk 1:19:55]} 15. Rh3 {[%clk 1:06:41]} g6 {[%clk 1:15:49]} 16. Nxg6 {[%clk
1:05:52]} Rf7 {[%clk 1:12:00]} 17. Nxe7+ {[%clk 1:01:22]} Qxe7 {[%clk 1:11:18]}
18. Qg4+ {[%clk 0:54:30]} Kh8 {[%clk 1:09:24]} 19. Qe2 {[%clk 0:52:24]} f5
{[%clk 1:08:45]} 20. Rg3 {[%clk 0:48:25]} c4 {[%clk 1:07:34]} 21. Bc2 {[%clk
0:48:46]} Rg7 {[%clk 1:06:34]} 22. Rxg7 {[%clk 0:48:45]} Qxg7 {[%clk 1:06:57]}
23. Bd2 {[%clk 0:49:04]} Rg8 {[%clk 1:05:27]} 24. Rf1 {[%clk 0:49:13]} Nf6
{[%clk 1:04:56]} 25. Rf3 {[%clk 0:46:13]} Ne7 {[%clk 1:03:34]} 26. Rg3 {[%clk
0:46:07]} Qf7 {[%clk 1:02:51]} 27. Rxg8+ {[%clk 0:46:18]} Qxg8 {[%clk 1:03:00]}
28. Be1 {[%clk 0:46:27]} Qg4 {[%clk 1:00:25]} 29. Bd1 {[%clk 0:44:47]} h5
{[%clk 0:56:39]} 30. Qxg4 {[%clk 0:43:58]} hxg4 {[%clk 0:56:55]} 31. Bh4 {[%clk
0:44:20]} Neg8 {[%clk 0:57:20]} 32. Be1 {[%clk 0:38:04]} Kh7 {[%clk 0:55:14]}
33. h3 {[%clk 0:37:17]} Nh6 {[%clk 0:53:56]} 34. Bh4 {[%clk 0:32:06]} Ne4
{[%clk 0:54:14]} 35. Bg5 {[%clk 0:30:46]} g3 {[%clk 0:54:25]} 36. Bh4 {[%clk
0:29:33]} Nf7 {[%clk 0:53:36]} 37. Kf1 {[%clk 0:27:39]} Nh8 {[%clk 0:53:34]}
38. Bf3 {[%clk 0:26:40]} Ng6 {[%clk 0:50:00]} 39. Bxe4 {[%clk 0:26:34]} Nxh4
{[%clk 0:50:24]} 40. Bf3 {[%clk 0:26:52]} Kg6 {[%clk 0:49:00]} 41. b3 {[%clk
0:26:46]} Nxf3 {[%clk 0:48:38]} 42. gxf3 {[%clk 0:26:56]} Kh5 {[%clk 0:49:04]}
43. bxc4 {[%clk 0:26:02]} dxc4 {[%clk 0:49:25]} 44. e4 {[%clk 0:26:22]} Kh4
{[%clk 0:47:29]} 45. d5 {[%clk 0:26:05]} Kxh3 {[%clk 0:47:39]} 46. Kg1 {[%clk
0:26:29]} fxe4 {[%clk 0:46:18]} 47. fxe4 {[%clk 0:26:18]} Kg4 {[%clk 0:46:34]}
48. d6 {[%clk 0:26:37]} Kxf4 {[%clk 0:46:51]} 49. d7 {[%clk 0:27:00]} Kxe4
{[%clk 0:47:07]} 50. d8=Q {[%clk 0:27:21]} e5 {[%clk 0:47:27]} 51. Kg2 {[%clk
0:27:34]} Kf4 {[%clk 0:47:34]} 52. Qh4+ {[%clk 0:27:57]} 1-0